New deal for wildlife (Record no. 69506)

MARC details
000 -LEADER
fixed length control field 01232cam a2200229 4500
001 - CONTROL NUMBER
control field WB3806-34
008 - FIXED-LENGTH DATA ELEMENTS--GENERAL INFORMATION
fixed length control field 020212n2002 000 0 eng u
035 ## - SYSTEM CONTROL NUMBER
System control number (Sirsi) u116700
245 ## - TITLE STATEMENT
Title New deal for wildlife
260 ## - PUBLICATION, DISTRIBUTION, ETC.
Date of publication, distribution, etc. 2002
490 ## - SERIES STATEMENT
Series statement DEFRA News Release
Volume/sequential designation (58/02) 11 February 2002, (2)
520 ## - SUMMARY, ETC.
Summary, etc. The addition of arable options to the Countryside Stewardship Scheme will allow arable farmers to apply for environmental grants to promote farmland wildlife. The closing date for applications for the Countryside Stewardship Scheme is 31 May. Copies of the 2002 handbook and a leaflet on the new options are available at: http://www.defra.gov.uk/erdp/schemes/landbased/css/cssindex.htm. An economic evaluation of the Arable Stewardship pilot Scheme is available at: http://www.defra.gov.uk/esg/economics/econeval/asps/index.htm. http://www.nds.coi.gov.uk/coi/coipress.nsf/567e3dc25f61661580256ae8003b4907/fe3adf283490566b80256b5d005a1b7f?OpenDocument
590 ## - LOCAL NOTE (RLIN)
Local note WB
650 ## - SUBJECT ADDED ENTRY--TOPICAL TERM
Topical term or geographic name entry element WILDLIFE
650 ## - SUBJECT ADDED ENTRY--TOPICAL TERM
Topical term or geographic name entry element ARABLE FARMERS
650 ## - SUBJECT ADDED ENTRY--TOPICAL TERM
Topical term or geographic name entry element AGRI-ENVIRONMENT SCHEMES
650 ## - SUBJECT ADDED ENTRY--TOPICAL TERM
Topical term or geographic name entry element COUNTRYSIDE
650 ## - SUBJECT ADDED ENTRY--TOPICAL TERM
Topical term or geographic name entry element NATURE CONSERVATION
650 ## - SUBJECT ADDED ENTRY--TOPICAL TERM
Topical term or geographic name entry element COUNTRYSIDE STEWARDSHIP SCHEME
690 ## - LOCAL SUBJECT ADDED ENTRY--TOPICAL TERM (OCLC, RLIN)
Topical term or geographic name as entry element Rural
9 (RLIN) 6268
942 ## - ADDED ENTRY ELEMENTS (KOHA)
Suppress in OPAC 0
Holdings
Withdrawn status Lost status Source of classification or shelving scheme Damaged status Not for loan Home library Current library Shelving location Date acquired Total Checkouts Full call number Barcode Date last seen Copy number Price effective from Koha item type
    Dewey Decimal Classification     London London News article 12/02/2002   WB3806-34 116700-1001 06/08/2019 1 06/08/2019 News article